Recent advances in multireference methods /

Salvato in:
Dettagli Bibliografici
Altri autori: Hirao, K. (Kimihiko)
Natura: Libro
Lingua:inglese
Pubblicazione: Singapore ; River Edge, NJ World Scientific c1999.
Serie:Recent advances in computational chemistry ; v. 4
Soggetti:
Accesso online:Visualizza in OPAC
Tags: Aggiungi Tag
Nessun Tag, puoi essere il primo ad aggiungerne!!

MARC

LEADER 00000cam a2200000 a 4500
005 20260127134319.0
008 981124s1999 si a b 000 0 eng
010 |a 98-032405 
020 |a 9810237774 
035 |a vtls008767586 
039 9 |y 200605300816  |z mschk03 
040 |a STUSCHK1  |b slo  |c STUSCHK1 
082 0 0 |a 541.2/8  |2 21 
245 0 0 |a Recent advances in multireference methods /  |c edited by K Hirao. 
260 |a Singapore ;  |a River Edge, NJ  |b World Scientific  |c c1999. 
300 |a ix, 214 p.  |b ill.  |c 23 cm. 
440 0 |a Recent advances in computational chemistry ;  |v v. 4 
504 |a Includes bibliographical references. 
650 0 |a Quantum chemistry. 
700 1 |a Hirao, K.  |q (Kimihiko) 
906 |a 7  |b cbc  |c orignew  |d 1  |e ocip  |f 19  |g y-gencatlg 
910 |a SCHK95 
919 |a 9810237774 
985 |e GAP 
999 |c 9554  |d 9554